书目信息 |
| 题名: |
女性主义道德教育评析
|
|
| 作者: | 李芳 著 | |
| 分册: | ||
| 出版信息: | 北京 中国书籍出版社 2015 |
|
| 页数: | 198页 | |
| 开本: | 24cm | |
| 丛书名: | ||
| 单 册: | ||
| 中图分类: | C913.68 , D648 | |
| 科图分类: | ||
| 主题词: | 妇女学--品德教育--研究 | |
| 电子资源: | ||
| ISBN: | 978-7-5068-4739-1 | |
| 000 | 01040nam0 2200265 450 | |
| 001 | 012001003338 | |
| 005 | 20140926114740.0 | |
| 010 | @a978-7-5068-4739-1@b精装@dCNY68.00 | |
| 100 | @a20160109d2015 em y0chiy50 ea | |
| 101 | 0 | @achi |
| 102 | @aCN@b110000 | |
| 105 | @ay z 000yy | |
| 106 | @ar | |
| 200 | 1 | @a女性主义道德教育评析@9nv xing zhu yi dao de jiao yu ping xi@dThe evaluation and analysis of the feminist moral education@zeng@f李芳著 |
| 210 | @a北京@c中国书籍出版社@d2015 | |
| 215 | @a198页@d24cm | |
| 300 | @a万象学术文库 | |
| 330 | @a本书回顾了女性主义运动和女性主义流派的镜像,在女性主义伦理观和教育观的形成与论争中寻找女性主义道德教育思想形成的轨迹,剖析了女性主义对传统道德教育观的批判触角,对今天的道德教育进行了女性主义维度的思考。 | |
| 510 | 1 | @aEvaluation and analysis of the feminist moral education@zeng |
| 606 | 0 | @a妇女学@x品德教育@x研究 |
| 690 | @aC913.68@v5 | |
| 690 | @aD648@v5 | |
| 701 | 0 | @a李芳@9li fang@f(1971-)@4著 |
| 801 | 0 | @aCN@b上海新华@c20180901 |
| 905 | @b1159432-6@dC913.68@e1494@f5 | |
| 女性主义道德教育评析=The evaluation and analysis of the feminist moral education/李芳著.-北京:中国书籍出版社,2015 |
| 198页;24cm |
| 万象学术文库 |
| ISBN 978-7-5068-4739-1(精装):CNY68.00 |
| 本书回顾了女性主义运动和女性主义流派的镜像,在女性主义伦理观和教育观的形成与论争中寻找女性主义道德教育思想形成的轨迹,剖析了女性主义对传统道德教育观的批判触角,对今天的道德教育进行了女性主义维度的思考。 |
| ● |
| 相关链接 |
|
|
|
|
正题名:女性主义道德教育评析
索取号:C913.68/1494
 
预约/预借
| 序号 | 登录号 | 条形码 | 馆藏地/架位号 | 状态 | 备注 |
| 1 | 1159432 | 211594327 | 第一样本阅览室/ [索取号:C913.68/1494] | 在馆 | |
| 2 | 1159433 | 211594336 | 第一借阅区/ [索取号:C913.68/1494] | 在馆 | |
| 3 | 1159434 | 211594345 | 第一借阅区/ [索取号:C913.68/1494] | 在馆 | |
| 4 | 1159435 | 211594354 | 第一借阅区/ [索取号:C913.68/1494] | 在馆 | |
| 5 | 1159436 | 211594363 | 第一借阅区/ [索取号:C913.68/1494] | 在馆 |